[Event "OP-2020-0-05009"]
[Site "LSS email"]
[Date "2020.08.17"]
[Round "?"]
[White "Dlugolecki, Grzegorz"]
[Black "Chernov, Andrey"]
[Result "1-0"]
[WhiteElo "1836"]
[BlackElo "1204"]
[PlyCount "93"]
[EventDate "2020.08.11"]
[EventType "tourn (corr)"]
[EventRounds "4"]
[EventCountry "GER"]
[SourceTitle "Corr 2022"]
[Source "ChessBase"]
[SourceDate "2021.10.24"]
[SourceVersion "1"]
[SourceVersionDate "2021.10.24"]
[SourceQuality "1"]

1. e4 c5 2. Nf3 a6 3. Nc3 Nc6 4. d4 cxd4 5. Nxd4 e5 6. Nf5 d5 7. Nxd5 Bxf5 8. exf5 Nge7 9. Nxe7 Qxd1+ 10. Kxd1 Rd8+ 11. Bd3 Bxe7 12. Re1 g6 13. Bd2 Bc5 14. f3 Kf8 15. Bh6+ Kg8 16. f6 Bf8 17. Be3 Bb4 18. Rf1 h5 19. Kc1 Bf8 20. Be4 Kh7 21. Re1 Rd6 22. Rd1 Rxf6 23. Rd7 h4 24. Rxb7 Nd4 25. Kd2 Nf5 26. Rd1 Bh6 27. Bxh6 Kxh6 28. Rc7 h3 29. g4 Rd8+ 30. Kc1 Rxd1+ 31. Kxd1 Nd4 32. Rc3 Rb6 33. b3 f5 34. Bd3 Kg5 35. Be2 Kf4 36. Rd3 a5 37. c3 Ne6 38. gxf5 gxf5 39. Ke1 Ng5 40. Kf2 Rb8 41. c4 Rg8 42. a3 Ne6 43. Bf1 Nc5 44. Rc3 e4 45. b4 axb4 46. axb4 Nd3+ 47. Bxd3 1-0

[Event "FICGS rapid C 000243 email"]
[Site "FICGS email"]
[Date "2020.08.15"]
[Round "1"]
[White "Chernov, Andrey"]
[Black "Eliphas, Matthew"]
[Result "0-1"]
[WhiteElo "1800"]
[BlackElo "1556"]
[PlyCount "30"]
[EventDate "2020.??.??"]
[EventType "tourn (rapid)"]
[EventRounds "4"]
[SourceTitle "Corr 2022"]
[Source "ChessBase"]
[SourceDate "2021.10.24"]
[SourceVersion "1"]
[SourceVersionDate "2021.10.24"]
[SourceQuality "1"]

1. e4 e5 2. Nf3 Nc6 3. Be2 Bc5 4. Nxe5 Qh4 5. 0-0 Qxe4 6. Nxc6 Qxc6 7. Bf3 Qg6 8. Nc3 Nf6 9. Nb5 Bb6 10. Qe1+ Kd8 11. d3 d5 12. Nc3 Bg4 13. Bxg4 Nxg4 14. Nxd5 Re8 15. Qc3 Qh5 0-1

[Event "OP-2020-0-05008"]
[Site "LSS email"]
[Date "2020.08.14"]
[Round "?"]
[White "Chernov, Andrey"]
[Black "Zmolil, Karel"]
[Result "1-0"]
[WhiteElo "1195"]
[BlackElo "971"]
[PlyCount "29"]
[EventDate "2020.08.08"]
[EventType "tourn (corr)"]
[EventRounds "4"]
[EventCountry "GER"]
[SourceTitle "Corr 2022"]
[Source "ChessBase"]
[SourceDate "2021.10.24"]
[SourceVersion "1"]
[SourceVersionDate "2021.10.24"]
[SourceQuality "1"]

1. e4 e5 2. Nf3 Nc6 3. Be2 d6 4. d4 exd4 5. Nxd4 Bd7 6. 0-0 h6 7. Nc3 g6 8. f4 Bg7 9. Be3 Nxd4 10. Bxd4 f6 11. f5 g5 12. Bc4 h5 13. Bxg8 Rxg8 14. e5 dxe5 15. Qxh5+ 1-0

[Event "FICGS theme 0002 email"]
[Site "FICGS email"]
[Date "2020.08.13"]
[Round "1"]
[White "Chernov, Andrey"]
[Black "Alvar, Juan"]
[Result "0-1"]
[WhiteElo "1800"]
[BlackElo "1449"]
[PlyCount "32"]
[EventDate "2020.??.??"]
[EventType "swiss (corr)"]
[EventRounds "1"]
[SourceTitle "Corr 2022"]
[Source "ChessBase"]
[SourceDate "2021.10.24"]
[SourceVersion "1"]
[SourceVersionDate "2021.10.24"]
[SourceQuality "1"]

1. c4 Nf6 2. Nc3 c5 3. g3 d5 4. cxd5 Nxd5 5. Bg2 Nc7 6. Nf3 Nc6 7. 0-0 g6 8. d3 Bg7 9. Bd2 0-0 10. a3 b6 11. Rb1 Rb8 12. Re1 Bb7 13. Qc1 Nd4 14. Bf4 Nxf3+ 15. Bxf3 e5 16. Be3 Bxf3 0-1

[Event "FICGS class C 000284 email"]
[Site "FICGS email"]
[Date "2020.08.13"]
[Round "1"]
[White "Chernov, Andrey"]
[Black "Horoshilov, Andrey"]
[Result "0-1"]
[WhiteElo "1800"]
[BlackElo "1705"]
[PlyCount "50"]
[EventDate "2020.??.??"]
[EventType "tourn (corr)"]
[EventRounds "4"]
[SourceTitle "Corr 2022"]
[Source "ChessBase"]
[SourceDate "2021.10.24"]
[SourceVersion "1"]
[SourceVersionDate "2021.10.24"]
[SourceQuality "1"]

1. e4 Nf6 2. e5 Nd5 3. d4 d6 4. Nf3 Bg4 5. Be2 dxe5 6. dxe5 e6 7. 0-0 Nc6 8. c4 Nb6 9. b3 Qxd1 10. Rxd1 Be7 11. Bb2 0-0 12. Nbd2 Rad8 13. h3 Bh5 14. g4 Bg6 15. Nh4 Nd4 16. Bxd4 Bxh4 17. Bxb6 cxb6 18. Nf3 Be7 19. h4 Be4 20. g5 Rxd1+ 21. Rxd1 Rd8 22. Rxd8+ Bxd8 23. Nd2 Bc6 24. f4 f6 25. a4 Kf7 0-1

[Event "FICGS theme 0002 email"]
[Site "FICGS email"]
[Date "2020.08.13"]
[Round "1"]
[White "Csoma, Robert"]
[Black "Chernov, Andrey"]
[Result "1-0"]
[WhiteElo "1710"]
[BlackElo "1800"]
[PlyCount "41"]
[EventDate "2020.??.??"]
[EventType "swiss (corr)"]
[EventRounds "1"]
[SourceTitle "Corr 2022"]
[Source "ChessBase"]
[SourceDate "2021.10.24"]
[SourceVersion "1"]
[SourceVersionDate "2021.10.24"]
[SourceQuality "1"]

1. c4 Nf6 2. Nc3 c5 3. g3 d5 4. cxd5 Nxd5 5. Bg2 Nc7 6. Nf3 e6 7. 0-0 Be7 8. d3 0-0 9. Qc2 g6 10. Ne4 b6 11. b3 Bb7 12. Nc3 Nc6 13. Bb2 Bf6 14. Ne4 Bg7 15. Bxg7 Kxg7 16. Qb2+ f6 17. a3 e5 18. Rfd1 Nd4 19. Nxd4 Qxd4 20. Qxd4 cxd4 21. Rac1 1-0

[Event "ZL-2020-0-02261"]
[Site "LSS email"]
[Date "2020.08.02"]
[Round "?"]
[White "Chernov, Andrey"]
[Black "Shim Ng Min, Francis"]
[Result "1/2-1/2"]
[WhiteElo "1155"]
[BlackElo "1264"]
[PlyCount "93"]
[EventDate "2020.07.15"]
[EventType "match (corr)"]
[EventRounds "2"]
[EventCountry "GER"]
[SourceTitle "Corr 2022"]
[Source "ChessBase"]
[SourceDate "2021.10.24"]
[SourceVersion "1"]
[SourceVersionDate "2021.10.24"]
[SourceQuality "1"]

1. e4 c5 2. Nf3 d6 3. d4 cxd4 4. Nxd4 Nf6 5. Nc3 a6 6. Be2 e5 7. Nf3 h6 8. 0-0 Be6 9. Be3 Nbd7 10. Qd2 Ng4 11. Rad1 Be7 12. h3 Nxe3 13. Qxe3 Qb6 14. Qxb6 Nxb6 15. Nd2 0-0 16. f4 exf4 17. Nb3 Nc4 18. Bxc4 Bxc4 19. Rxf4 Bf6 20. e5 Bxb3 21. exf6 Bxc2 22. Rxd6 g5 23. Rf2 Bg6 24. Rfd2 Rfe8 25. Nd5 Rf8 26. Ne7+ Kh7 27. Nxg6 Kxg6 28. g4 Rfe8 29. Rb6 Re6 30. Rdd6 Rxd6 31. Rxd6 Rc8 32. Rb6 Rc7 33. a4 Kh7 34. b4 Kg8 35. Kf2 Kf8 36. Ke3 Rd7 37. a5 Ke8 38. Ke4 Kd8 39. b5 axb5 40. Rxb5 Kc7 41. Rc5+ Kd6 42. Rd5+ Kc6 43. Rxd7 Kxd7 44. Kd5 Kc7 45. Kc5 Kd7 46. Kd5 Kc7 47. Kc5 1/2-1/2

[Event "RF-2020-0-00505"]
[Site "LSS email"]
[Date "2020.07.30"]
[Round "?"]
[White "Chernov, Andrey"]
[Black "Chura, Michal"]
[Result "1-0"]
[WhiteElo "1154"]
[BlackElo "1018"]
[PlyCount "59"]
[EventDate "2020.02.19"]
[EventType "tourn (corr)"]
[EventRounds "6"]
[EventCountry "GER"]
[SourceTitle "Corr 2022"]
[Source "ChessBase"]
[SourceDate "2021.10.24"]
[SourceVersion "1"]
[SourceVersionDate "2021.10.24"]
[SourceQuality "1"]

1. e4 Nf6 2. e5 Nd5 3. d4 d6 4. c4 Nb6 5. exd6 exd6 6. Nf3 Nc6 7. Be2 Be7 8. 0-0 Bf5 9. Nc3 0-0 10. Be3 Bf6 11. a3 Re8 12. Re1 Bg4 13. Qd3 Qd7 14. b4 Ne7 15. b5 Rad8 16. a4 c6 17. a5 Nbc8 18. Ne4 Qf5 19. Nxf6+ Qxf6 20. a6 b6 21. bxc6 d5 22. c7 Rd7 23. Bg5 Qf5 24. Qxf5 Bxf5 25. Bf4 Ng6 26. Bg3 Nd6 27. c5 Ne4 28. cxb6 Nxg3 29. hxg3 Rde7 30. Bb5 1-0

[Event "RF-2020-0-00505"]
[Site "LSS email"]
[Date "2020.07.30"]
[Round "?"]
[White "Chernov, Andrey"]
[Black "Shim Ng Min, Francis"]
[Result "1/2-1/2"]
[WhiteElo "1154"]
[BlackElo "1111"]
[PlyCount "34"]
[EventDate "2020.02.19"]
[EventType "tourn (corr)"]
[EventRounds "6"]
[EventCountry "GER"]
[SourceTitle "Corr 2022"]
[Source "ChessBase"]
[SourceDate "2021.10.24"]
[SourceVersion "1"]
[SourceVersionDate "2021.10.24"]
[SourceQuality "1"]

1. e4 c5 2. Nf3 d6 3. d4 cxd4 4. Nxd4 Nf6 5. Nc3 a6 6. Be2 e5 7. Nf3 h6 8. 0-0 Be6 9. Be3 Nbd7 10. Qd2 Be7 11. Rad1 Ng4 12. Nd5 Nxe3 13. Qxe3 Bxd5 14. exd5 Qb6 15. Qxb6 Nxb6 16. b3 0-0 17. c4 Rfc8 1/2-1/2

[Event "OP-2020-0-05002"]
[Site "LSS email"]
[Date "2020.07.30"]
[Round "?"]
[White "Molina, Vicente Andres"]
[Black "Chernov, Andrey"]
[Result "0-1"]
[WhiteElo "659"]
[BlackElo "1154"]
[PlyCount "54"]
[EventDate "2020.07.27"]
[EventType "tourn (corr)"]
[EventRounds "4"]
[EventCountry "GER"]
[SourceTitle "Corr 2022"]
[Source "ChessBase"]
[SourceDate "2021.10.24"]
[SourceVersion "1"]
[SourceVersionDate "2021.10.24"]
[SourceQuality "1"]

1. d4 d5 2. Nf3 e6 3. Bg5 Nf6 4. e3 Be7 5. Bd3 0-0 6. Nbd2 Nbd7 7. 0-0 c5 8. c3 c4 9. Re1 cxd3 10. e4 dxe4 11. Nxe4 Nxe4 12. Bxe7 Qxe7 13. Rxe4 b5 14. Qxd3 Bb7 15. Rh4 h6 16. Rh3 a6 17. Re1 Bd5 18. b3 Rfc8 19. Ne5 Nxe5 20. Rxe5 Qf6 21. Ree3 a5 22. Reg3 a4 23. Rxh6 Qxh6 24. Rh3 Qc1+ 25. Qf1 Qxf1+ 26. Kxf1 axb3 27. axb3 Ra1+ 0-1

[Event "RF-2020-0-00505"]
[Site "LSS email"]
[Date "2020.07.30"]
[Round "?"]
[White "Zmolil, Karel"]
[Black "Chernov, Andrey"]
[Result "0-1"]
[WhiteElo "1051"]
[BlackElo "1154"]
[PlyCount "68"]
[EventDate "2020.02.19"]
[EventType "tourn (corr)"]
[EventRounds "6"]
[EventCountry "GER"]
[SourceTitle "Corr 2022"]
[Source "ChessBase"]
[SourceDate "2021.10.24"]
[SourceVersion "1"]
[SourceVersionDate "2021.10.24"]
[SourceQuality "1"]

1. e4 c5 2. Nf3 a6 3. d4 cxd4 4. Nxd4 e5 5. Nb3 Nf6 6. Bd3 Be7 7. 0-0 0-0 8. c4 d6 9. Nc3 Nc6 10. a3 Be6 11. Nd5 Rb8 12. Nxe7+ Nxe7 13. Nd2 Ng6 14. b4 Nf4 15. Bc2 Re8 16. Bb2 Rc8 17. Bb3 Bg4 18. f3 Be6 19. Qb1 N6h5 20. g3 Qg5 21. Kf2 Nh3+ 22. Ke2 N5f4+ 23. Kd1 Ng2 24. Kc1 b5 25. Bc3 Qe3 26. Kb2 bxc4 27. Ba4 Red8 28. Bc2 Qb6 29. Ba4 Ne3 30. Re1 d5 31. exd5 Nxd5 32. Bc2 g6 33. Rxe5 Nxc3 34. Kxc3 Qd4# 0-1

[Event "OP-2017-0-04493"]
[Site "LSS email"]
[Date "2017.12.15"]
[Round "?"]
[White "Hoffmann, Thomas"]
[Black "Chernov, Andrey"]
[Result "1-0"]
[WhiteElo "2046"]
[BlackElo "1244"]
[PlyCount "41"]
[EventDate "2017.12.06"]
[EventType "tourn (corr)"]
[EventRounds "4"]
[EventCountry "GER"]
[SourceTitle "Corr 2022"]
[Source "ChessBase"]
[SourceDate "2021.10.24"]
[SourceVersion "1"]
[SourceVersionDate "2021.10.24"]
[SourceQuality "1"]

1. e4 c5 2. Nf3 a6 3. c4 Nc6 4. d4 cxd4 5. Nxd4 e5 6. Nf5 Nf6 7. Nc3 d6 8. Ne3 Be7 9. Bd3 0-0 10. Rb1 Be6 11. b3 Rc8 12. 0-0 h6 13. Bb2 Nb4 14. Be2 Nh7 15. Qd2 Nc6 16. Rbd1 Qc7 17. Ncd5 Qb8 18. Nxe7+ Nxe7 19. Qxd6 Qxd6 20. Rxd6 Nc6 21. Rfd1 1-0

[Event "OP-2017-0-04458"]
[Site "LSS email"]
[Date "2017.10.25"]
[Round "?"]
[White "Best, Herb"]
[Black "Chernov, Andrey"]
[Result "1-0"]
[WhiteElo "1247"]
[BlackElo "1398"]
[PlyCount "57"]
[EventDate "2017.10.18"]
[EventType "tourn (corr)"]
[EventRounds "4"]
[EventCountry "GER"]
[SourceTitle "Corr 2022"]
[Source "ChessBase"]
[SourceDate "2021.10.24"]
[SourceVersion "1"]
[SourceVersionDate "2021.10.24"]
[SourceQuality "1"]

1. e4 c5 2. Nf3 a6 3. d4 cxd4 4. Nxd4 e5 5. Nf3 Nf6 6. Bd3 d6 7. Nbd2 Be7 8. 0-0 0-0 9. Nc4 Nc6 10. Be3 Bg4 11. Nb6 Rb8 12. Nd5 Nxd5 13. exd5 Nb4 14. Bc4 Bxf3 15. gxf3 b5 16. Bb3 a5 17. c3 Na6 18. Kh1 f5 19. Rg1 f4 20. Bd2 Bh4 21. Rg2 Nc5 22. Qg1 Bf6 23. Bc2 Qe7 24. Qb1 h6 25. Rg6 Kf7 26. Qg1 Ke8 27. Qg4 Bg5 28. b4 axb4 29. cxb4 1-0

[Event "OP-2017-0-04458"]
[Site "LSS email"]
[Date "2017.10.25"]
[Round "?"]
[White "Chernov, Andrey"]
[Black "Plummer, Martin"]
[Result "0-1"]
[WhiteElo "1398"]
[BlackElo "1107"]
[PlyCount "88"]
[EventDate "2017.10.18"]
[EventType "tourn (corr)"]
[EventRounds "4"]
[EventCountry "GER"]
[SourceTitle "Corr 2022"]
[Source "ChessBase"]
[SourceDate "2021.10.24"]
[SourceVersion "1"]
[SourceVersionDate "2021.10.24"]
[SourceQuality "1"]

1. e4 c5 2. Nf3 Nc6 3. Be2 a6 4. d4 cxd4 5. Nxd4 g6 6. 0-0 Bg7 7. Be3 Nf6 8. Nc3 0-0 9. f4 e6 10. Qd2 d6 11. a3 Qd7 12. Rad1 Rd8 13. e5 dxe5 14. fxe5 Nxe5 15. h3 b5 16. Nf3 Nxf3+ 17. Bxf3 Qxd2 18. Rxd2 Rxd2 19. Bxd2 Ra7 20. Be3 Rd7 21. Rd1 Rxd1+ 22. Bxd1 Bb7 23. Bd4 Nd5 24. Bxg7 Kxg7 25. Bf3 Kf6 26. Kf2 Ke5 27. Ne4 h6 28. Nc5 Bc8 29. c3 f5 30. Nd3+ Kd6 31. g3 e5 32. Bxd5 Kxd5 33. h4 g5 34. hxg5 hxg5 35. Ke3 f4+ 36. gxf4 gxf4+ 37. Kf3 Bf5 38. Nb4+ Kc4 39. Nxa6 Kb3 40. Nc7 Bd3 41. Ne6 Kxb2 42. Nc5 Kxc3 43. Ne4+ Bxe4+ 44. Kxe4 Kb3 0-1